00608cam a2200169 a 450000100100000000500170001000800410002704000250006808200170009310000550011024501050016526000350027030000360030550000460034160000350038770000160042200000147120240313182407.0810930s1928 fr abch 001 0 fre  aDO-SdBNPbspacBNPHU a923.9bC719C1 aCharcot, Jean Baptiste Auguste Etienne,d1867-193610aChristophe Colomb vu par un marin /cJean Baptiste Auguste Etienne Charcot; préface de Paul Chack. aParis :bE. Flammarion,c1928. a320 p. :bil. , maps. ;c24 cm. aEn la cabeza del título: J. B. Charcot. 0aCOLÓN, CRISTOBAL,d1436-14561 aChack,Paul,